Thomas' calculus : (Record no. 50)
[ view plain ]
| 000 -LEADER | |
|---|---|
| fixed length control field | 01297nac a22003491i 4500 |
| 003 - CONTROL NUMBER IDENTIFIER | |
| control field | EG-ScBUE |
| 005 - DATE AND TIME OF LATEST TRANSACTION | |
| control field | 20241003085638.0 |
| 008 - FIXED-LENGTH DATA ELEMENTS--GENERAL INFORMATION | |
| fixed length control field | 241003t2005 maua f 001 0 eng d |
| 020 ## - INTERNATIONAL STANDARD BOOK NUMBER | |
| International Standard Book Number | 9780321243355 |
| 020 ## - INTERNATIONAL STANDARD BOOK NUMBER | |
| International Standard Book Number | 0321243358 |
| 040 ## - CATALOGING SOURCE | |
| Original cataloging agency | EG-ScBUE |
| Language of cataloging | eng |
| Description conventions | rda |
| Transcribing agency | EG-ScBUE |
| Modifying agency | EG-ScBUE |
| 082 04 - DEWEY DECIMAL CLASSIFICATION NUMBER | |
| Classification number | 515 |
| Item number | WEI |
| Edition number | 22 |
| 100 1# - MAIN ENTRY--PERSONAL NAME | |
| Personal name | Weir, Maurice D., |
| Relator term | author. |
| 245 10 - TITLE STATEMENT | |
| Title | Thomas' calculus : |
| Remainder of title | based on the original work by George B. Thomas, Jr. / |
| Statement of responsibility, etc | as revised by Maurice D. Weir, Naval Postgraduate School, Joel Hass, University of California, Davis, Frank R. Giordano, Naval Postgraduate School. |
| 246 30 - VARYING FORM OF TITLE | |
| Title proper/short title | Calculus |
| 250 ## - EDITION STATEMENT | |
| Edition statement | Eleventh edition. |
| 250 ## - EDITION STATEMENT | |
| Edition statement | International edition. |
| 264 #1 - PUBLICATION, DISTRIBUTION, ETC. (IMPRINT) | |
| Place of publication, distribution, etc | Boston : |
| Name of publisher, distributor, etc | Pearson Addison-Wesley, |
| Date of publication, distribution, etc | [2005] |
| 264 #4 - PUBLICATION, DISTRIBUTION, ETC. (IMPRINT) | |
| Date of publication, distribution, etc | c2005 |
| 300 ## - PHYSICAL DESCRIPTION | |
| Extent | xvi, 1228, [148] pages : |
| Other physical details | illustrations (some color) ; |
| Dimensions | 26 cm |
| 336 ## - CONTENT TYPE | |
| Source | rdacontent |
| Content type term | text |
| Content type code | txt |
| 337 ## - MEDIA TYPE | |
| Media type term | unmediated |
| Source | rdamedia |
| Media type code | n |
| 338 ## - CARRIER TYPE | |
| Carrier type term | volume |
| Carrier type code | nc |
| Source | rdacarrier |
| 500 ## - GENERAL NOTE | |
| General note | Includes index. |
| 600 17 - SUBJECT ADDED ENTRY--PERSONAL NAME | |
| Source of heading or term | BUEsh |
| Personal name | Thomas, George B., |
| Titles and other words associated with a name | Jr. |
| Fuller form of name | (George Brinton), |
| Dates associated with a name | 1914-2006. |
| 650 #7 - SUBJECT ADDED ENTRY--TOPICAL TERM | |
| Topical term or geographic name as entry element | Calculus. |
| Source of heading or term | BUEsh |
| 650 #7 - SUBJECT ADDED ENTRY--TOPICAL TERM | |
| Topical term or geographic name as entry element | Geometry, Analytic. |
| Source of heading or term | BUEsh |
| 655 ## - INDEX TERM--GENRE/FORM | |
| Form subdivision | Reading book |
| 700 1# - ADDED ENTRY--PERSONAL NAME | |
| Personal name | Hass, Joel, |
| Relator term | revisor. |
| 700 1# - ADDED ENTRY--PERSONAL NAME | |
| Personal name | Giordano, Frank R., |
| Relator term | revisor. |
| 942 ## - ADDED ENTRY ELEMENTS (KOHA) | |
| Koha item type | Book - Borrowing |
| Source of classification or shelving scheme | Dewey Decimal Classification |
| Withdrawn status | Lost status | Damaged status | Not for loan | Home library | Current library | Shelving location | Date acquired | Source of acquisition | Cost, normal purchase price | Total Checkouts | Total Renewals | Full call number | Barcode | Date last seen | Date checked out | Cost, replacement price | Price effective from | Koha item type |
|---|---|---|---|---|---|---|---|---|---|---|---|---|---|---|---|---|---|---|
| Central Library | Central Library | First floor | 10/11/2005 | Purchase | 180.00 | 2 | 3 | 515 WEI | 000003162 | 15/07/2025 | 22/02/2022 | 190.00 | 03/09/2006 | Book - Borrowing |